[Event "FRA-chT2 0910"]
[Site "France"]
[Date "2009.11.22"]
[Round "4.6"]
[White "Mehaibia, Azzedine"]
[Black "Jellouli, Moez"]
[Result "1-0"]
[WhiteElo "2113"]
[BlackElo "2071"]
[PlyCount "79"]
[EventDate "2009.09.27"]
[EventType "team-tourn"]
[EventRounds "11"]
[EventCountry "FRA"]
[SourceTitle "EXT 2011"]
[Source "ChessBase"]
[SourceDate "2010.11.26"]
[SourceVersion "1"]
[SourceVersionDate "2010.11.26"]
[SourceQuality "1"]

1. e4 d5 2. exd5 Nf6 3. Nf3 Nxd5 4. d4 g6 5. c4 Nb6 6. c5 Nd5 7. Bc4 Bg7 8. Qb3 e6 9. Nc3 Nxc3 10. bxc3 0-0 11. 0-0 Nc6 12. Be2 b6 13. cxb6 cxb6 14. Rd1 Bb7 15. Ba3 Re8 16. Rac1 Rc8 17. Bb2 Na5 18. Qa4 Bc6 19. Qc2 Bd5 20. Qd2 Nc4 21. Bxc4 Rxc4 22. Qe3 Bxf3 23. Qxf3 Qd5 24. Qe2 Rec8 25. Rd3 Bh6 26. Re1 Ra4 27. a3 Qb3 28. c4 Qxc4 29. Rc3 Qxc3 30. Bxc3 Rxc3 31. d5 Raxa3 32. dxe6 fxe6 33. Qxe6+ Kg7 34. Qe5+ Kg8 35. Qd5+ Kf8 36. Qd8+ Kf7 37. Qe8+ Kf6 38. Qe7+ Kf5 39. Qe6+ Kf4 40. g3+ 1-0

[Event "FRA-chT2 0910"]
[Site "France"]
[Date "2009.10.17"]
[Round "2.3"]
[White "Jellouli, Moez"]
[Black "Yacob, Francois"]
[Result "0-1"]
[WhiteElo "2082"]
[BlackElo "2168"]
[PlyCount "76"]
[EventDate "2009.09.27"]
[EventType "team-tourn"]
[EventRounds "11"]
[EventCountry "FRA"]
[SourceTitle "EXT 2011"]
[Source "ChessBase"]
[SourceDate "2010.11.26"]
[SourceVersion "1"]
[SourceVersionDate "2010.11.26"]
[SourceQuality "1"]

1. e4 c5 2. Nf3 e6 3. d4 cxd4 4. Nxd4 Nf6 5. Nc3 Bb4 6. Bd3 d5 7. e5 Nfd7 8. Bb5 0-0 9. Bxd7 Nxd7 10. f4 Qh4+ 11. g3 Qh3 12. Kf2 f6 13. Qf1 Qxf1+ 14. Rxf1 Bc5 15. Be3 Bxd4 16. Bxd4 fxe5 17. Be3 d4 18. Bxd4 exd4 19. Nb5 e5 20. Kg2 b6 21. fxe5 Bb7+ 22. Kg1 Rxf1+ 23. Rxf1 Ba6 24. Nc7 Bxf1 25. Nxa8 Bh3 26. Nc7 Nxe5 27. Nb5 Nc6 28. Kf2 Kf7 29. Kf3 Ke6 30. Kf4 h6 31. Nc7+ Kd7 32. Nb5 g5+ 33. Kf3 Bf1 34. Na3 Kd6 35. h4 gxh4 36. gxh4 Kd5 37. c3 dxc3 38. bxc3 Ne5+ 0-1

[Event "Noisy le Grand op"]
[Site "Noisy le Grand"]
[Date "2000.05.01"]
[Round "7.4"]
[White "Ventoruzzo, Jean Francois"]
[Black "Jellouli, Moez"]
[Result "1-0"]
[WhiteElo "1780"]
[BlackElo "1970"]
[PlyCount "33"]
[EventDate "2000.04.??"]
[EventType "swiss"]
[EventRounds "7"]
[EventCountry "FRA"]
[SourceTitle "EXT 2002"]
[Source "ChessBase"]
[SourceDate "2001.11.25"]
[SourceVersion "1"]
[SourceVersionDate "2001.11.25"]
[SourceQuality "1"]

1. e4 e5 2. Nc3 Nc6 3. Bc4 Nf6 4. d3 Bc5 5. f4 d6 6. Nf3 Ng4 7. Ng5 0-0 8. f5 Bf2+ 9. Kf1 Ne3+ 10. Bxe3 Bxe3 11. h4 Bxg5 12. hxg5 Qxg5 13. Rh5 Qf4+ 14. Kg1 Na5 15. Nd5 Qg3 16. Ne7+ Kh8 17. Rxh7+ 1-0

[Event "Noisy le Grand op"]
[Site "Noisy le Grand"]
[Date "2000.04.30"]
[Round "6.5"]
[White "Jellouli, Moez"]
[Black "Benbellil, Rabah"]
[Result "1-0"]
[WhiteElo "1970"]
[BlackElo "1680"]
[PlyCount "63"]
[EventDate "2000.04.??"]
[EventType "swiss"]
[EventRounds "7"]
[EventCountry "FRA"]
[SourceTitle "EXT 2002"]
[Source "ChessBase"]
[SourceDate "2001.11.25"]
[SourceVersion "1"]
[SourceVersionDate "2001.11.25"]
[SourceQuality "1"]

1. e4 e6 2. d4 d5 3. Nc3 Bb4 4. e5 Ne7 5. a3 Bxc3+ 6. bxc3 c5 7. Nf3 Nbc6 8. a4 Bd7 9. Ba3 Qa5 10. Qd2 cxd4 11. cxd4 Qxd2+ 12. Kxd2 0-0 13. Bb5 Rfe8 14. Bxe7 Rxe7 15. Bxc6 Bxc6 16. Rhb1 a6 17. Ne1 Rb8 18. Nd3 a5 19. Rb6 Rc8 20. Nc5 Rec7 21. Rab1 g6 22. c3 Kg7 23. Kc2 h5 24. h4 Kf8 25. Kb3 Ke7 26. Ka3 f6 27. Re1 fxe5 28. Rxe5 Bd7 29. Kb3 Kf6 30. Nxd7+ Rxd7 31. Rexe6+ Kf7 32. Rf6+ 1-0